Baladik slovenské země výstava M. Bazovského v Pardubiciach

Bibliographic Details
Format: Article
Language:Slovak
Subjects:

MARC

LEADER 00000nab a2200000 a 4500
001 vtls010076564
003 SK-MaSNL
005 20260304181813.0
008 140617c1974 xo |r|p|||||||000 b|slo
015 |a SNBRB1974 
038 |a SNKBUCL 
040 |a SNKBUCL  |b slo  |c SNKBUCL  |e AACR2 
041 |a slo 
044 |a xo  |c SK 
080 |a 75.071.1:061.4  |2 1997 
245 0 0 |a Baladik slovenské země  |b výstava M. Bazovského v Pardubiciach  |c [autor] -ek 
600 1 7 |a Bazovský, Miloš Alexander,  |d 1899-1968  |2 snkbucl  |9 103185 
651 7 |a Pardubice (Česko)  |2 snkbucl  |9 51171 
773 0 |t Tvorba  |g Č. 40 (1974), s. 10 
852 |a SNK  |b KIS3GCP 
958 |a BX 
999 |c 3026076  |d 3028006